| 000 | 00892cad a22001935a 4500 | ||
|---|---|---|---|
| 001 | L157561 | ||
| 008 | 130117s2013 xxk f 000 0 eng d | ||
| 035 | _a(Sirsi) u157561 | ||
| 041 | 0 | _aeng | |
| 110 | 2 |
_aUnited Kingdom _bDepartment of Energy and Climate Change _95850 |
|
| 245 | 0 | 2 |
_aA shortfall recovery mechanism for energy supply company adminstration _h[electronic resource] |
| 260 |
_aLondon _bDECC _c2013 |
||
| 520 | _aConsultation seeks comments on modifications to gas and electricity licences in order to set up a cost recovery mechanism for energy supply company administration. The closing date for comments is 15 March 2013. | ||
| 590 | _aKA | ||
| 651 | 4 | _aENGLAND AND WALES | |
| 690 |
_aEnergy _96237 |
||
| 856 | 4 | 0 |
_uhttps://www.decc.gov.uk/en/content/cms/consultations/cost_rec_mech/cost_rec_mech.aspx _zView the consultation free of charge at www.decc.gov.uk |
| 942 | _n0 | ||
| 999 |
_c114838 _d114838 |
||